• 首页
  • 本馆介绍
  • 公告通知
  • 最新文献
  • 馆藏检索
  • 电子资源
  • 读者导购
  • 参考咨询
  • 我的图书馆
  • 登录
  • 详细信息显示
  • 放入我的书架
  • 预约/预借图书
  • 作者相关作品
  • 分类相关作品
  • 丛书相关作品
  • 出版社相关作品

书目信息

  • 表格格式
  • 工作单格式
  • 卡片格式
题名:
悠远的回响
    
 
作者: 汪介之 , 陈建华 著
分册:  
出版信息: 银川   宁夏人民出版社  2002
页数: 26, 406页
开本: 23cm
丛书名: 跨文化丛书
单 册:
中图分类: G04
科图分类:
主题词: 比较文学--中国--俄罗斯
电子资源:
ISBN: 7-227-02443-1
000 01317oam2 2200289 450
005 20070607071135.06
010    @a7-227-02443-1@dCNY27.80
100    @a20030117d2002 emky0chiy0110 ea
101 0  @achi
102    @aCN@b640000
105    @aa z 000yy
200 1  @a悠远的回响@Ayou yuan de hui xiang@e俄罗斯作家与中国文化@f汪介之,陈建华著
210    @a银川@c宁夏人民出版社@d2002
215    @a26, 406页@c照片@d23cm
225 2  @a跨文化丛书@e外国作家与中国文化@i俄罗斯卷
300    @a南京大学北京大学中国文化书院跨文化研究院合作项目 “十五”国家重点图书
314    @a汪介之(1952~),安徽庐江人,南京师范大学文学院教授、文学研究所所长,中国俄罗斯文学研究会理事,著有《悠远的回响》、《现代俄罗斯文学史纲》等。
314    @a陈建华(1947~),浙江宁波人,华东师范大学中文系教授、中国俄罗斯文学研究会理事,著有《悠远的回响》、《托尔斯泰传》等。
330    @a本书内容包括俄国古典作家心目中的中国、中国批评视野中的俄国古典作家、20世纪俄罗斯作家笔下的中国形象、中国文化语境中的20世纪俄罗斯作家等。
461  0 @12001@a德国卷
517 1  @a俄罗斯作家与中国文化@Ae luo si zuo jia yu zhong guo wen hua
606 0  @a比较文学@y中国@y俄罗斯
690    @aG04@v4
701  0 @a汪介之@Awang jie zhi@4著
701  0 @a陈建华@Achen jian hua@4著
801  0 @aCN@bTAOJIN新华发行集团公司@c20070607
905    @a10447@dG04@e62
    
    悠远的回响:俄罗斯作家与中国文化/汪介之,陈建华著.-银川:宁夏人民出版社,2002
    26, 406页:照片;23cm.-(跨文化丛书:外国作家与中国文化.俄罗斯卷)
    南京大学北京大学中国文化书院跨文化研究院合作项目 “十五”国家重点图书
    
    ISBN 7-227-02443-1:CNY27.80
    本书内容包括俄国古典作家心目中的中国、中国批评视野中的俄国古典作家、20世纪俄罗斯作家笔下的中国形象、中国文化语境中的20世纪俄罗斯作家等。
●
相关链接 在E读中查询图书 在五车中查询图书 在当当中查询图书 在豆瓣中查询图书


正题名:悠远的回响     索取号:G04/62         预约/预借

序号 登录号 条形码 馆藏地/架位号 状态 备注
1 0527224   205272248   第一样本阅览室/ [索取号:G04/62] 在馆    
2 0527225   205272257   第四借阅区/ [索取号:G04/62] 在馆    
3 0527226   205272266   第四借阅区/ [索取号:G04/62] 在馆    
唐山师范学院图书馆 欢迎您!
大连网信软件有限公司© 版权所有